Programming with java a primer. (Record no. 213526)
[ view plain ]
| 000 -LEADER | |
|---|---|
| fixed length control field | 00449nam a2200169Ia 4500 |
| 008 - FIXED-LENGTH DATA ELEMENTS--GENERAL INFORMATION | |
| fixed length control field | 210719s1998 xx 000 0 und d |
| 020 ## - INTERNATIONAL STANDARD BOOK NUMBER | |
| International Standard Book Number | 0074630490 |
| 041 ## - LANGUAGE CODE | |
| Language code of text/sound track or separate title | eng |
| 082 ## - DEWEY DECIMAL CLASSIFICATION NUMBER | |
| Classification number | 001.6424J BALP |
| 100 ## - MAIN ENTRY--PERSONAL NAME | |
| Personal name | BALAGURUSAMY (E) |
| 245 ## - TITLE STATEMENT | |
| Title | Programming with java a primer. |
| 260 ## - PUBLICATION, DISTRIBUTION, ETC. | |
| Place of publication, distribution, etc. | New Delhi. |
| Name of publisher, distributor, etc. | Tata McGraw-Hill Publishing Company Ltd. |
| Date of publication, distribution, etc. | 1998 |
| 300 ## - PHYSICAL DESCRIPTION | |
| Extent | xx,343 |
| Other physical details | PB |
| 365 ## - TRADE PRICE | |
| Price amount | 135 |
| Currency code | Rs |
| 650 ## - SUBJECT ADDED ENTRY--TOPICAL TERM | |
| Topical term or geographic name entry element | Computer Science |
| 906 ## - LOCAL DATA ELEMENT F, LDF (RLIN) | |
| a | Java |
| Withdrawn status | Lost status | Damaged status | Not for loan | Collection code | Home library | Current library | Date acquired | Cost, normal purchase price | Total Checkouts | Full call number | Barcode | Date last seen | Date last checked out | Price effective from | Koha item type |
|---|---|---|---|---|---|---|---|---|---|---|---|---|---|---|---|
| St Aloysius Library | St Aloysius Library | 04/06/2002 | 135.00 | 1 | 001.6424J BALP | D02066 | 02/27/2023 | 02/17/2023 | 07/19/2021 | Donated Books |